| 000 | 00465nam a22001817a 4500 | ||
|---|---|---|---|
| 005 | 20260602132233.0 | ||
| 008 | 260602b |||||||| |||| 00| 0 eng d | ||
| 020 |
_a9789355322067 _c999.00 |
||
| 040 | _aMAIN | ||
| 041 | _aEnglish | ||
| 082 |
_a621.3815 _bSAL |
||
| 100 | _aSalivahanan, S. | ||
| 245 | _aElectronic Devices And Circuits | ||
| 260 |
_aChennai _bMcGraw Hill Education _c2024 |
||
| 300 | _aV.P. | ||
| 650 |
_aPhysics (PM USHA) _926699 |
||
| 942 | _cBK | ||
| 999 |
_c60960 _d60960 |
||